Statistics for Countries Producing the Most Sugarcane

Click here to take the quiz!

General Stats

  • This quiz has been taken 10,623 times
    (10,406 since last reset)
  • The average score is 15 of 20

Answer Stats

Million Tonnes Country % Correct
759Brazil
95%
30.2United States
94%
104China
92%
306India
91%
57.0Mexico
90%
34.6Colombia
87%
21.2Indonesia
86%
19.2Argentina
82%
9.40Peru
79%
103Thailand
77%
18.4Vietnam
77%
36.6Australia
76%
16.1Cuba
70%
73.4Pakistan
66%
29.3Philippines
65%
9.03Ecuador
64%
10.4Myanmar
60%
17.4South Africa
57%
33.8Guatemala
49%
15.3Egypt
40%

Score Distribution

Percentile by Number Answered

Percent of People with Each Score

Your Score History

You have not taken this quiz since the last reset